000 00496nam a2200181Ia 4500
005 20250508150510.0
008 008 250505s9999 xx 000 0 eng d
037 _aBooks to be hide in OPAC
040 _aFEDL
_beng
_cFEDL
041 _aeng
_2eng
084 _a700, JOH/O
_qFEDL
100 _aJohnson Charles
245 0 _aGrowth of twelve masterpieces
260 _aLondon, UK
_bPhoenix House
_c1947
300 _a106p.
942 _cHB
_h700, JOH/O
999 _c1323917
_d1323917